00615nam a22002057a 450000500170000001000130001702000100003003500130004003700160005304000120006908200220008110000250010324500670012824600500019526000550024527000480030030000210034865000260036965000140039520170123162352.0 aA-159743 c40.00 aA-159743 bCen Lib/Ret aDPLbUR a843.08bک ہ ل  aکُھلر، ک. ک  a/ اردو ناول کا نگارخانہ cک. ک. کُھلر aUrdu novel ka nigarkhana /bby K. K. Khullar  aنی دہلی bسیمانت پرکا شانc1983 b نی دہلی a پڈودے ہاؤس a112p.c20cm(Hb)  aاردو ادبx z  aUrdu adab